Maliar s rodnou krajinou na palete

Bibliographic Details
Main Author: Jurčo, Ján (Author)
Format: Article
Language:Slovak
Subjects:

MARC

LEADER 00000nab a2200000 a 4500
001 vtls000199264
003 SK-MaSNL
005 20260302205031.0
008 160215c1984 xo 0 slo
015 |a SNBRB19rr/mm-uuuuu 
035 |a CL0209377 
040 |a SNKBUCL  |b slo  |c SNKBUCL  |e AACR2 
041 0 |a slo 
044 |a xo  |c SK 
080 |a 75.071.1:061.4  |2 1981 
080 |a 061.4  |2 1981 
080 |a 378.124  |2 1981 
080 |a 929 Hapák, Štefan  |2 1981 
100 1 |a Jurčo, Ján  |4 aut  |9 277041 
245 1 0 |a Maliar s rodnou krajinou na palete  |c Ján Jurčo 
650 0 7 |a Hapák, Štefan,  |d 1921-1997  |2 snkbucl  |9 930309 
651 7 |a 5402  |2 snkbucl  |9 366935 
655 7 |a články z novín a časopisov  |2 snkbucl  |9 267496 
773 0 |t Pravda  |g Roč. 65, č. 257 (30. 10. 1984), s. 5 
850 |a Slovenská národná knižnica v Martine  |a MTA001 
852 |a SNK  |b KIS3GCP 
958 |a BX 
958 |a RK 
992 |a RBX 
999 |c 1476038  |d 1477968